ทดสอบ (ระเบียนเลขที่ 102489)
| 000 -LEADER | |
|---|---|
| fixed length control field | 00295nam a22001337a 4500 |
| 003 - CONTROL NUMBER IDENTIFIER | |
| control field | NALT |
| 005 - DATE AND TIME OF LATEST TRANSACTION | |
| control field | 20230813123324.0 |
| 008 - FIXED-LENGTH DATA ELEMENTS--GENERAL INFORMATION | |
| fixed length control field | 230813b th ||||| |||| 00| 0 tha d |
| 040 ## - CATALOGING SOURCE | |
| Original cataloging agency | NALT |
| 245 ## - TITLE STATEMENT | |
| Title | ทดสอบ |
| 850 ## - HOLDING INSTITUTION | |
| Holding institution | NALT |
| 856 ## - ELECTRONIC LOCATION AND ACCESS | |
| Uniform Resource Identifier | <a href="https://www.google.com/">https://www.google.com/</a> |
| 942 ## - ADDED ENTRY ELEMENTS (KOHA) | |
| Source of classification or shelving scheme | Library of Congress Classification |
| Koha item type | E-Journal |
| 998 ## - STAFF NAME (NALT) | |
| -- | 36 |
| -- | อภิรักษ์ โชคดีวนิชวัฒนา |
ไม่มีตัวเล่มให้บริการ
